Ethical Dilemmas of a Civil Servant/ (Record no. 215976)

MARC details
000 -LEADER
fixed length control field 00579nam a22001817a 4500
005 - DATE AND TIME OF LATEST TRANSACTION
control field 20260427115806.0
010 ## - LCCN (DPL NO)
LC control number ENG-148244
020 ## - INTERNATIONAL STANDARD BOOK NUMBER
International Standard Book Number 9789393796233
Terms of availability 345.00
035 ## - SYSTEM CONTROL NUMBER
System control number EN-131776
037 ## - SOURCE OF ACQUISITION
Source of stock number/acquisition DBAD
082 ## - DEWEY DECIMAL CLASSIFICATION NUMBER
Classification number 351
Edition number 1
100 ## - MAIN ENTRY--PERSONAL NAME
Personal name Swarup, Anil
245 ## - TITLE STATEMENT
Title Ethical Dilemmas of a Civil Servant/
Statement of responsibility, etc Anil Swarup
260 ## - PUBLICATION, DISTRIBUTION, ETC. (IMPRINT)
Place of publication, distribution, etc New Delhi
Name of publisher, distributor, etc Unique Publishers
Date of publication, distribution, etc 2024
270 ## - ADDRESS
Address J-2/1, Block B-1, Mohan Cooperative Industrial Estate, Mathura Road
City New Delhi
Postal code 110044
Telephone number 011-41076666
300 ## - PHYSICAL DESCRIPTION
Extent 268p.
Dimensions 22cm(pb)
942 ## - ADDED ENTRY ELEMENTS (KOHA)
Source of classification or shelving scheme Dewey Decimal Classification
Item type English Books
Classification part 351
Call number suffix SWA
Holdings
Withdrawn status Lost status Not for loan Collection code Home library Current library Date acquired Source of acquisition Cost, normal purchase price Full call number Barcode Copy number Cost, replacement price Koha item type
      Non-fiction Sarojini Nagar Sarojini Nagar 27/04/2026 Delivery of Books Act Division 345.00 351 SWA EN-131776 1 345.00 English Books

© Delhi Public Library
Hit Counter
free hit counter